Agroindustrial project analysis / (Record no. 13102)

000 -LEADER
fixed length control field 00706cam a2200205 i 4500
020 ## - INTERNATIONAL STANDARD BOOK NUMBER
ISBN 0801824125 :
020 ## - INTERNATIONAL STANDARD BOOK NUMBER
ISBN 0801824133 (pbk.) :
040 ## - CATALOGING SOURCE
Transcribing agency DLC
082 00 - DEWEY DECIMAL CLASSIFICATION NUMBER
Classification number 338 PUB 1981 A014 Or.
100 1# - MAIN ENTRY--AUTHOR NAME
Personal name Austin, James E.
245 10 - TITLE STATEMENT
Title Agroindustrial project analysis /
260 ## - PUBLICATION, DISTRIBUTION, ETC. (IMPRINT)
Place of publication Baltimore :
Name of publisher Published for the Economic Development Institute of the World Bank [by] Johns Hopkins University Press,
Year of publication 1981.
300 ## - PHYSICAL DESCRIPTION
Number of Pages x, 213 p. :
Other physical details graphs ;
Dimensions 23 cm.
490 1# - SERIES STATEMENT
Series statement EDI series in economic development
500 ## - GENERAL NOTE
General note Includes index.
650 #0 - SUBJECT ADDED ENTRY--TOPICAL TERM
Topical Term Agricultural industries.
650 #0 - SUBJECT ADDED ENTRY--TOPICAL TERM
Topical Term Agricultural development projects
710 2# - ADDED ENTRY--CORPORATE NAME
Corporate name or jurisdiction name as entry element Economic Development Institute (Washington, D.C.)
942 ## - ADDED ENTRY ELEMENTS (KOHA)
Koha item type សៀវភៅភាសាអង់គ្លេស
952 ## - LOCATION AND ITEM INFORMATION (KOHA)
Withdrawn status [LOCAL, KOHA] 0
Holdings
Permanent Location Date acquired Koha item type Lost status Shelving location Barcode Current Location Full call number
Library Block A2017-08-19សៀវភៅភាសាអង់គ្លេស A014A18690Library Block A338 PUB 1981 A014 Or.
មជ្ឈមណ្ឌលឯការនៃសាកលវិទ្យាល័យភូមិន្ទកសិកម្មចំការដូង

Powered by Koha